Australian opals in colour / (Record no. 13799)
[ view plain ]
| 000 -LEADER | |
|---|---|
| fixed length control field | 00797nam a2200277 4500 |
| 001 - CONTROL NUMBER | |
| control field | 13799 |
| 003 - CONTROL NUMBER IDENTIFIER | |
| rucl marc code | BD-RjUL |
| 005 - DATE AND TIME OF LATEST TRANSACTION | |
| control field | 20211208235520.0 |
| 008 - FIXED-LENGTH DATA ELEMENTS--GENERAL INFORMATION | |
| fixed length control field | 140202t1969 at ab 001 0 eng |
| 035 ## - SYSTEM CONTROL NUMBER | |
| System control number | (BD-RjUL)13851 |
| 040 ## - CATALOGING SOURCE | |
| Original cataloging agency | DLC |
| Transcribing agency | DLC |
| Modifying agency | DLC |
| -- | BD-RjUL |
| Language of cataloging | eng |
| 041 ## - LANGUAGE CODE | |
| Language code of text/sound track or separate title | eng |
| 082 00 - DEWEY DECIMAL CLASSIFICATION NUMBER | |
| Classification number | 622.387 |
| Edition number | 16 |
| Author mark and year | PEA 1969 |
| 100 1# - MAIN ENTRY--PERSONAL NAME | |
| Personal name | Perry, Nance. |
| 9 (RLIN) | 43162 |
| 245 10 - TITLE STATEMENT | |
| Title | Australian opals in colour / |
| Statement of responsibility, etc. | by Nance and Ron Perry. |
| 260 ## - PUBLICATION, DISTRIBUTION, ETC. (IMPRINT) | |
| Place of publication, distribution, etc. | Sydney : |
| Name of publisher, distributor, etc. | Reed, |
| Date of publication, distribution, etc. | c1969. |
| 300 ## - PHYSICAL DESCRIPTION | |
| Pagination | 112 p. : |
| Illustrations | illus. (part col.), col. maps. ; |
| Size | 18 x 19 cm. |
| 350 ## - PRICE (NR) (BK AM CF MU VM SE) [OBSOLETE] | |
| Price | 3.95 |
| 504 ## - BIBLIOGRAPHY, ETC. NOTE | |
| Bibliography, etc | Includes index. |
| 650 #0 - SUBJECT ADDED ENTRY--TOPICAL TERM | |
| Topical term or geographic name as entry element | Opals. |
| 9 (RLIN) | 43163 |
| Topical term or geographic name as entry element | Precious stones |
| Geographic subdivision | Australia. |
| 9 (RLIN) | 43164 |
| 700 1# - ADDED ENTRY--PERSONAL NAME | |
| Personal name | Perry, Ron, |
| Relator term | joint author. |
| 942 ## - ADDED ENTRY ELEMENTS (KOHA) | |
| Source of classification or shelving scheme | Dewey Decimal Classification |
| Koha item type | Books |
| Lost status | Source of classification or shelving scheme | Damaged status | Not for loan | Collection code | Permanent Location | Current Location | Shelving location | Date acquired | Source of acquisition | Total Checkouts | Full call number | Date last seen | Copy number | Koha item type |
|---|---|---|---|---|---|---|---|---|---|---|---|---|---|---|
| Dewey Decimal Classification | Not For Loan | Non-fiction | Central Library, University of Rajshahi | Central Library, University of Rajshahi | Reading Room | 04/09/1973 | Australia gift | 622.387 PEA 1969 | 02/02/2014 | C-1 | Books |